Damage detection of reinforced concrete beams using modal testing /
Saved in:
| Main Author: | |
|---|---|
| Format: | Thesis Book |
| Language: | English |
| Published: |
2005.
|
| Subjects: | |
| Tags: |
Add Tag
No Tags, Be the first to tag this record!
|
| LEADER | 00868cam a2200217 a 4500 | ||
|---|---|---|---|
| 001 | u738526 | ||
| 003 | SIRSI | ||
| 005 | 200705171718 | ||
| 008 | 070517s2005 my t 000 0 eng m | ||
| 040 | |a UMM | ||
| 090 | |a TA145 |b UMP 2005 Zubi | ||
| 100 | 0 | |a Zubaidah Ismail. | |
| 245 | 1 | 0 | |a Damage detection of reinforced concrete beams using modal testing / |c Zubaidah Ismail. |
| 260 | |c 2005. | ||
| 502 | |a Thesis (Ph.D.) -- Fakulti Kejuruteraan, Universiti Malaya, 2006. | ||
| 596 | |a 1 7 | ||
| 650 | 0 | |a Reinforced concrete |x Testing. | |
| 650 | 0 | |a Reinforced concrete. |x Defects. | |
| 710 | 2 | |a Universiti Malaya. |b Fakulti Kejuruteraan. | |
| 999 | |a TA145 UMP 2005 ZUBI |w LC |c 1 |i A512900542 |d 20/3/2017 |e 20/3/2017 |f 9/7/2007 |g 1 |l STACKS |m P01UTAMA |n 8 |r Y |s Y |t TESIS |u 31/5/2007 | ||
| 999 | |a TA145 UMP 2005 ZUBI |w LC |c 1 |i A513002627 |d 7/8/2008 |f 7/8/2008 |g 1 |l STACKS |m P07JURUTER |r Y |s Y |t TESIS |u 1/8/2008 | ||
